书目信息 |
| 题名: |
守墓笔记
|
|
| 作者: | 徐鑫 著 | |
| 分册: | 皇太极陵卷 | |
| 出版信息: | 北京 中国国际广播出版社 2018 |
|
| 页数: | 288页 | |
| 开本: | 23cm | |
| 丛书名: | ||
| 单 册: | ||
| 中图分类: | K928.76 | |
| 科图分类: | ||
| 主题词: | 皇帝--huang di--陵墓--研究--中国--清代 | |
| 电子资源: | ||
| ISBN: | 978-7-5078-4211-1 | |
| 000 | 01223nam 2200289 450 | |
| 001 | 012001003681 | |
| 005 | 20140114090602.0 | |
| 010 | @a978-7-5078-4211-1@dCNY48.00 | |
| 099 | @aCAL 012019000528 | |
| 100 | @a20181030d2018 em y0chiy50 ea | |
| 101 | 0 | @achi |
| 102 | @aCN@b110000 | |
| 105 | @aabk a 000yy | |
| 106 | @ar | |
| 200 | 1 | @a守墓笔记@Ashou mu bi ji@i皇太极陵卷@f徐鑫著 |
| 210 | @a北京@c中国国际广播出版社@d2018 | |
| 215 | @a288页@c图, 地图@d23cm | |
| 314 | @a徐鑫, 河北省遵化市人。1993年8月起在清东陵工作, 长期致力于清朝陵寝的研究、保护和发掘。 | |
| 320 | @a有书目 (第285-286页) | |
| 330 | @a本书以正史和清宫档案为基础, 结合作者二十余年的陵寝现场调查和研究心得, 为您解读关外三陵、清东陵、清西陵的风水与建制、历史与隐秘、被盗与清理等, 折射出清王朝的起源、发展、辉煌和衰落。本卷运用通俗、娴熟的笔触, 讲述有关皇太极本人及其陵墓的鲜为人知的秘密, 书中配有大量珍贵历史图片, 在视觉震撼的同时展开丰富的想象空间。 | |
| 517 | 1 | @a皇太极陵卷@Ahuang tai ji ling juan |
| 600 | 0 | @a皇太极@Ahuang tai ji@f1592-1643@x陵墓@x研究 |
| 606 | 0 | @a皇帝@Ahuang di@x陵墓@x研究@y中国@z清代 |
| 690 | @aK928.76@v5 | |
| 701 | 0 | @a徐鑫@Axu xin@4著 |
| 801 | @b江苏凤凰@c20191020 | |
| 905 | @b1236742-7@dK928.76@e1167@f6 | |
| 守墓笔记.皇太极陵卷/徐鑫著.-北京:中国国际广播出版社,2018 |
| 288页:图, 地图;23cm |
| ISBN 978-7-5078-4211-1:CNY48.00 |
| 本书以正史和清宫档案为基础, 结合作者二十余年的陵寝现场调查和研究心得, 为您解读关外三陵、清东陵、清西陵的风水与建制、历史与隐秘、被盗与清理等, 折射出清王朝的起源、发展、辉煌和衰落。本卷运用通俗、娴熟的笔触, 讲述有关皇太极本人及其陵墓的鲜为人知的秘密, 书中配有大量珍贵历史图片, 在视觉震撼的同时展开丰富的想象空间。 |
| ● |
| 相关链接 |
|
|
|
|
正题名:守墓笔记
索取号:K928.76/1167
 
预约/预借
| 序号 | 登录号 | 条形码 | 馆藏地/架位号 | 状态 | 备注 |
| 1 | 1236742 | 212367428 | 第二样本阅览室/ [索取号:K928.76/1167] | 在馆 | |
| 2 | 1236743 | 212367437 | 教育系资料室/ [索取号:K928.76/1167] | 在馆 | |
| 3 | 1236744 | 212367446 | 教育系资料室/ [索取号:K928.76/1167] | 在馆 | |
| 4 | 1236745 | 212367455 | 第二借阅区/ [索取号:K928.76/1167] | 在馆 | |
| 5 | 1236746 | 212367464 | 第二借阅区/ [索取号:K928.76/1167] | 在馆 | |
| 6 | 1236747 | 212367473 | 教育系资料室/ [索取号:K928.76/1167] | 在馆 |